[Event "WCO2014"]
[Site "Tromso"]
[Date "2014.08.05"]
[Round "4.3"]
[WhiteID "6000185"]
[White "Tsang Hon Ki"]
[BlackID "21200033"]
[Black "Fumey Enyonam Sewa"]
[Result "1-0"]
[LiveChessVersion "1.4.3"]
[BlackElo "1833"]
[WhiteElo "2111"]

1. Nf3 {[%clk 1:30:56]} d5 {[%clk 1:30:57]} 2. b3 {[%clk 1:30:07]} Bg4
{[%clk 1:29:16]} 3. Bb2 {[%clk 1:30:08]} c5 {[%clk 1:29:08]} 4. Ne5
{[%clk 1:28:01]} Bh5 {[%clk 1:29:13]} 5. g4 {[%clk 1:27:42]} Bg6 {[%clk 1:29:27]}
6. h4 {[%clk 1:27:24]} h5 {[%clk 1:26:00]} 7. Nxg6 {[%clk 1:27:08]} fxg6
{[%clk 1:26:27]} 8. g5 {[%clk 1:27:23]} Nc6 {[%clk 1:25:59]} 9. e3
{[%clk 1:26:30]} e6 {[%clk 1:25:54]} 10. d4 {[%clk 1:20:28]} Qd7 {[%clk 1:25:12]}
11. Nd2 {[%clk 1:16:42]} O-O-O {[%clk 1:24:08]} 12. Nf3 {[%clk 1:15:18]} a6
{[%clk 1:15:27]} 13. a3 {[%clk 1:09:11]} Kb8 {[%clk 1:14:31]} 14. Qe2
{[%clk 1:06:25]} Qf7 {[%clk 1:12:33]} 15. O-O-O {[%clk 1:05:48]} Bd6
{[%clk 1:12:40]} 16. Bg2 {[%clk 1:01:24]} Nge7 {[%clk 1:12:47]} 17. Kb1
{[%clk 1:00:09]} Rhf8 {[%clk 1:11:53]} 18. Ka2 {[%clk 0:57:33]} cxd4
{[%clk 1:09:54]} 19. exd4 {[%clk 0:53:19]} Rc8 {[%clk 1:08:37]} 20. Rhe1
{[%clk 0:52:19]} Nd8 {[%clk 1:07:55]} 21. c4 {[%clk 0:47:52]} dxc4
{[%clk 1:03:40]} 22. bxc4 {[%clk 0:48:14]} Nec6 {[%clk 0:59:43]} 23. Bc3
{[%clk 0:42:29]} Bc7 {[%clk 0:59:28]} 24. Rb1 {[%clk 0:39:35]} Ba5
{[%clk 0:58:40]} 25. Bxa5 {[%clk 0:39:47]} Nxa5 {[%clk 0:59:03]} 26. Ne5
{[%clk 0:37:15]} Qe8 {[%clk 0:58:16]} 27. Rb2 {[%clk 0:32:58]} Rf4
{[%clk 0:55:45]} 28. Qd2 {[%clk 0:32:13]} Nxc4 {[%clk 0:39:15]} 29. Nxc4
{[%clk 0:30:35]} e5 {[%clk 0:35:21]} 30. Qxf4 {[%clk 0:29:27]} Rxc4
{[%clk 0:34:46]} 31. Rxe5 {[%clk 0:28:31]} 1-0

[Event "WCO2014"]
[Site "Tromso"]
[Date "2014.08.05"]
[Round "4.48"]
[WhiteID "6800165"]
[White "Van Rensselaer William"]
[BlackID "11700025"]
[Black "Asefi Zaheeruddeen"]
[Result "1/2-1/2"]
[LiveChessVersion "1.4.3"]
[BlackElo "1996"]
[WhiteElo "1908"]

1. c4 {[%clk 1:30:54]} Nf6 {[%clk 1:30:56]} 2. Nc3 {[%clk 1:31:14]} g6
{[%clk 1:30:58]} 3. g3 {[%clk 1:31:26]} Bg7 {[%clk 1:31:27]} 4. Bg2
{[%clk 1:31:47]} c6 {[%clk 1:31:33]} 5. d4 {[%clk 1:31:13]} d5 {[%clk 1:31:57]}
6. cxd5 {[%clk 1:31:13]} cxd5 {[%clk 1:32:23]} 7. Nf3 {[%clk 1:31:20]} Nc6
{[%clk 1:32:46]} 8. O-O {[%clk 1:31:15]} O-O {[%clk 1:33:10]} 9. a3
{[%clk 1:29:38]} Bg4 {[%clk 1:31:38]} 10. Ne5 {[%clk 1:17:38]} Bf5
{[%clk 1:31:34]} 11. Bf4 {[%clk 1:02:09]} Rc8 {[%clk 1:29:26]} 12. Nxc6
{[%clk 0:57:08]} Rxc6 {[%clk 1:28:22]} 13. Qb3 {[%clk 0:56:06]} Rb6
{[%clk 1:28:12]} 14. Qa2 {[%clk 0:54:09]} e6 {[%clk 1:23:11]} 15. Rac1
{[%clk 0:49:04]} Ne8 {[%clk 1:14:56]} 16. Be3 {[%clk 0:41:03]} g5
{[%clk 1:06:55]} 17. Na4 {[%clk 0:36:04]} Ra6 {[%clk 1:03:10]} 18. Nc5
{[%clk 0:36:09]} Rb6 {[%clk 1:03:24]} 19. b3 {[%clk 0:30:57]} Nd6
{[%clk 1:01:03]} 20. Qd2 {[%clk 0:29:03]} Bf6 {[%clk 0:56:20]} 21. a4
{[%clk 0:24:36]} Rc6 {[%clk 0:51:59]} 22. Nxb7 {[%clk 0:21:02]} Qb6
{[%clk 0:47:36]} 23. Rxc6 {[%clk 0:17:08]} Qxc6 {[%clk 0:48:04]} 24. Nxd6
{[%clk 0:17:17]} Qxd6 {[%clk 0:48:33]} 25. Bxg5 {[%clk 0:17:04]} Bg7
{[%clk 0:48:17]} 26. Rc1 {[%clk 0:15:35]} Qb6 {[%clk 0:48:23]} 27. Be7
{[%clk 0:10:56]} Re8 {[%clk 0:46:41]} 28. Bc5 {[%clk 0:10:27]} Qxb3
{[%clk 0:47:07]} 29. a5 {[%clk 0:10:03]} Qa4 {[%clk 0:46:03]} 30. Bxa7
{[%clk 0:09:51]} Ra8 {[%clk 0:42:31]} 31. Bb6 {[%clk 0:09:41]} h6
{[%clk 0:41:12]} 32. Qb2 {[%clk 0:07:16]} Kh7 {[%clk 0:38:58]} 33. Bf1
{[%clk 0:06:41]} Rb8 {[%clk 0:38:54]} 34. Ra1 {[%clk 0:05:43]} Qc6
{[%clk 0:37:23]} 35. e3 {[%clk 0:05:45]} e5 {[%clk 0:25:40]} 36. Rc1
{[%clk 0:03:18]} Qe6 {[%clk 0:13:06]} 37. Qd2 {[%clk 0:01:51]} Kg8
{[%clk 0:01:03]} 38. Bc5 {[%clk 0:01:58]} Ra8 {[%clk 0:00:56]} 39. a6
{[%clk 0:02:09]} Rxa6 {[%clk 0:00:47]} 40. Bxa6 {[%clk 0:02:32]} Qxa6
{[%clk 0:01:15]} 41. dxe5 {[%clk 0:27:21]} Qe6 {[%clk 0:27:42]} 42. f4
{[%clk 0:25:03]} Be4 {[%clk 0:28:02]} 43. Bd6 {[%clk 0:19:01]} Qg4
{[%clk 0:26:59]} 44. Qf2 {[%clk 0:17:17]} Kh7 {[%clk 0:25:11]} 45. Kf1
{[%clk 0:15:46]} Qf5 {[%clk 0:19:58]} 46. Rc7 {[%clk 0:14:08]} Kg6
{[%clk 0:19:26]} 47. Ke1 {[%clk 0:12:47]} Bh1 {[%clk 0:18:21]} 48. Qc2
{[%clk 0:10:39]} Be4 {[%clk 0:18:48]} 49. Qe2 {[%clk 0:10:44]} Bd3
{[%clk 0:18:32]} 50. g4 {[%clk 0:10:06]} Qe4 {[%clk 0:18:21]} 51. f5+
{[%clk 0:09:59]} Kh7 {[%clk 0:15:59]} 52. Qf2 {[%clk 0:09:39]} Bxe5
{[%clk 0:07:43]} 53. Bxe5 {[%clk 0:08:25]} Qxe5 {[%clk 0:08:12]} 54. Qf4
{[%clk 0:08:38]} Qb2 {[%clk 0:08:03]} 55. Kd1 {[%clk 0:06:45]} Be2+
{[%clk 0:07:43]} 56. Ke1 {[%clk 0:07:10]} Bd3 {[%clk 0:08:12]} 57. Qf2
{[%clk 0:06:15]} Qa1+ {[%clk 0:08:19]} 58. Kd2 {[%clk 0:06:30]} Qa2+
{[%clk 0:02:56]} 59. Ke1 {[%clk 0:06:48]} Qb1+ {[%clk 0:01:15]} 60. Kd2
{[%clk 0:07:06]} 1/2-1/2

[Event "WCO2014"]
[Site "Tromso"]
[Date "2014.08.05"]
[Round "4.47"]
[WhiteID "11700084"]
[White "Kooshani Mahbuboollah"]
[BlackID "3100073"]
[Black "Massana Jorge"]
[Result "1/2-1/2"]
[LiveChessVersion "1.4.3"]
[BlackElo "2180"]
[WhiteElo "2036"]

1. e4 {[%clk 1:30:42]} c5 {[%clk 1:30:47]} 2. Nf3 {[%clk 1:31:10]} d6
{[%clk 1:30:50]} 3. d4 {[%clk 1:31:34]} cxd4 {[%clk 1:31:14]} 4. Nxd4
{[%clk 1:32:02]} Nf6 {[%clk 1:31:36]} 5. Nc3 {[%clk 1:31:47]} g6 {[%clk 1:31:58]}
6. Bc4 {[%clk 1:31:14]} Nc6 {[%clk 1:31:23]} 7. Be3 {[%clk 1:25:01]} Bg7
{[%clk 1:31:39]} 8. Qd2 {[%clk 1:23:44]} Ng4 {[%clk 1:31:07]} 9. Nxc6
{[%clk 1:22:44]} bxc6 {[%clk 1:25:41]} 10. O-O {[%clk 1:18:05]} Nxe3
{[%clk 1:24:16]} 11. Qxe3 {[%clk 1:18:04]} O-O {[%clk 1:23:40]} 12. Rab1
{[%clk 1:17:27]} Qa5 {[%clk 1:13:16]} 13. h3 {[%clk 1:14:50]} Bb7
{[%clk 1:11:35]} 14. Rfd1 {[%clk 1:11:08]} Rfd8 {[%clk 1:10:06]} 15. b4
{[%clk 1:06:51]} Qc7 {[%clk 1:07:03]} 16. Bb3 {[%clk 1:02:07]} Rdc8
{[%clk 0:56:27]} 17. a4 {[%clk 0:54:45]} e6 {[%clk 0:49:55]} 18. Qd3
{[%clk 0:48:01]} d5 {[%clk 0:47:22]} 19. exd5 {[%clk 0:47:46]} cxd5
{[%clk 0:47:37]} 20. Nb5 {[%clk 0:44:20]} Qe7 {[%clk 0:46:57]} 21. Qg3
{[%clk 0:43:03]} Ba6 {[%clk 0:39:04]} 22. Nd4 {[%clk 0:36:41]} Bc4
{[%clk 0:37:56]} 23. b5 Bxd4 {[%clk 0:25:49]} 24. Rxd4 {[%clk 0:34:37]} Bxb3
{[%clk 0:22:10]} 25. Qxb3 {[%clk 0:34:39]} Qc5 {[%clk 0:21:11]} 26. Rd2
{[%clk 0:32:05]} Rab8 {[%clk 0:16:56]} 27. Qb4 {[%clk 0:25:24]} Qxb4
{[%clk 0:10:19]} 28. Rxb4 {[%clk 0:25:49]} a6 {[%clk 0:10:23]} 29. b6
{[%clk 0:25:41]} a5 {[%clk 0:09:56]} 30. Rb5 {[%clk 0:25:02]} Rc6
{[%clk 0:09:56]} 31. Rxa5 {[%clk 0:21:42]} Rcxb6 {[%clk 0:10:24]} 32. Ra7
{[%clk 0:21:54]} R6b7 {[%clk 0:10:07]} 33. Ra5 {[%clk 0:19:52]} Rb1+
{[%clk 0:10:08]} 34. Kh2 {[%clk 0:20:20]} Ra1 {[%clk 0:09:59]} 35. c3
{[%clk 0:19:16]} Rb3 {[%clk 0:09:30]} 36. Rc2 {[%clk 0:17:10]} Rba3
{[%clk 0:09:11]} 37. c4 {[%clk 0:15:41]} Rxa4 {[%clk 0:08:38]} 38. Rc5
{[%clk 0:13:43]} Rxc4 {[%clk 0:06:57]} 39. R5xc4 {[%clk 0:14:04]} dxc4
{[%clk 0:07:11]} 40. Rxc4 {[%clk 0:14:23]} h5 {[%clk 0:07:28]} 41. g3
{[%clk 0:13:06]} Kg7 {[%clk 0:07:41]} 42. Kg2 {[%clk 0:13:13]} g5
{[%clk 0:07:27]} 43. Rb4 {[%clk 0:11:28]} Ra2 {[%clk 0:07:22]} 44. Rc4
{[%clk 0:11:42]} f5 {[%clk 0:07:35]} 45. Rb4 {[%clk 0:10:13]} Kf6
{[%clk 0:07:52]} 46. h4 {[%clk 0:08:45]} g4 {[%clk 0:06:52]} 47. Rc4
{[%clk 0:08:37]} Ra6 {[%clk 0:06:28]} 48. Rb4 {[%clk 0:07:13]} e5
{[%clk 0:06:16]} 49. Rc4 {[%clk 0:06:48]} Re6 {[%clk 0:06:07]} 50. Rb4
{[%clk 0:06:31]} e4 {[%clk 0:05:29]} 51. Rb5 {[%clk 0:06:43]} Ra6
{[%clk 0:03:19]} 52. Kf1 {[%clk 0:01:52]} Kg6 {[%clk 0:02:05]} 53. Rc5
{[%clk 0:28:11]} Rf6 {[%clk 0:29:08]} 54. Kg2 {[%clk 0:22:03]} Ra6
{[%clk 0:27:19]} 55. Rb5 {[%clk 0:21:48]} Rd6 {[%clk 0:26:54]} 56. Kf1
{[%clk 0:21:44]} Rf6 {[%clk 0:25:31]} 57. Kg2 {[%clk 0:21:53]} f4
{[%clk 0:23:55]} 58. Rg5+ {[%clk 0:21:27]} Kh6 {[%clk 0:24:08]} 59. gxf4
{[%clk 0:21:37]} Rxf4 {[%clk 0:24:32]} 60. Re5 {[%clk 0:21:39]} Rf3
{[%clk 0:23:58]} 61. Rxe4 {[%clk 0:21:12]} Rh3 {[%clk 0:24:06]} 62. Rf4
{[%clk 0:15:28]} Rxh4 {[%clk 0:23:56]} 63. f3 {[%clk 0:15:35]} Kg5
{[%clk 0:23:58]} 64. Rf8 {[%clk 0:15:52]} Rh3 {[%clk 0:23:22]} 65. fxg4
{[%clk 0:15:22]} hxg4 {[%clk 0:23:39]} 66. Rg8+ {[%clk 0:15:29]} Kf5
{[%clk 0:23:15]} 67. Rf8+ {[%clk 0:15:47]} Kg6 {[%clk 0:22:56]} 68. Rg8+
{[%clk 0:16:03]} Kf5 {[%clk 0:23:10]} 69. Rf8+ {[%clk 0:16:25]} Ke5 1/2-1/2

[Event "WCO2014"]
[Site "Tromso"]
[Date "2014.08.05"]
[Round "4.46"]
[WhiteID "6800262"]
[White "Creswell Reece"]
[BlackID "11700033"]
[Black "Ahmadi Zabiullah"]
[Result "0-1"]
[LiveChessVersion "1.4.3"]
[BlackElo "2031"]
[WhiteElo "1645"]

1. e4 {[%clk 1:30:55]} d5 {[%clk 1:30:55]} 2. exd5 {[%clk 1:31:04]} Qxd5
{[%clk 1:31:24]} 3. Nc3 {[%clk 1:31:18]} Qa5 {[%clk 1:31:52]} 4. d4
{[%clk 1:31:10]} Nf6 {[%clk 1:32:20]} 5. Bc4 {[%clk 1:30:42]} Bg4
{[%clk 1:32:31]} 6. Nf3 {[%clk 1:29:33]} Nc6 {[%clk 1:32:47]} 7. h3
{[%clk 1:29:17]} Bh5 {[%clk 1:33:15]} 8. g4 {[%clk 1:28:19]} Bg6 {[%clk 1:33:45]}
9. Be3 {[%clk 1:27:50]} O-O-O {[%clk 1:31:42]} 10. Qd2 {[%clk 1:27:15]} e5
{[%clk 1:31:33]} 11. O-O-O {[%clk 1:26:32]} exd4 {[%clk 1:30:33]} 12. Nxd4
{[%clk 1:24:58]} Nxd4 {[%clk 1:30:45]} 13. Bxd4 {[%clk 1:25:09]} c5
{[%clk 1:31:05]} 14. Ne2 {[%clk 1:24:22]} Qxd2+ {[%clk 1:31:30]} 15. Rxd2
{[%clk 1:24:40]} cxd4 {[%clk 1:31:47]} 16. Rxd4 {[%clk 1:24:48]} Rxd4
{[%clk 1:32:04]} 17. Nxd4 {[%clk 1:25:08]} Bc5 {[%clk 1:32:30]} 18. Nf5
{[%clk 1:22:41]} Bxf5 {[%clk 1:32:20]} 19. gxf5 {[%clk 1:23:01]} Rf8
{[%clk 1:32:37]} 20. f3 {[%clk 1:20:50]} Kc7 {[%clk 1:33:03]} 21. a3
{[%clk 1:19:02]} a5 {[%clk 1:33:18]} 22. Re1 {[%clk 1:16:59]} Re8
{[%clk 1:33:30]} 23. Rxe8 {[%clk 1:17:04]} Nxe8 {[%clk 1:33:59]} 24. Bxf7
{[%clk 1:17:18]} Nf6 {[%clk 1:34:14]} 25. a4 {[%clk 1:15:36]} Kd6
{[%clk 1:34:38]} 26. Be6 {[%clk 1:14:15]} Ke5 {[%clk 1:35:07]} 27. Kd1
{[%clk 1:13:16]} Kf4 {[%clk 1:35:35]} 28. Ke2 {[%clk 1:13:29]} Kg3
{[%clk 1:36:04]} 29. Bc8 {[%clk 1:11:57]} b6 {[%clk 1:36:33]} 0-1

[Event "WCO2014"]
[Site "Tromso"]
[Date "2014.08.05"]
[Round "4.45"]
[WhiteID "11700580"]
[White "Sarwary Hamidullah"]
[BlackID "6800173"]
[Black "Mongiello Anthony"]
[Result "1-0"]
[LiveChessVersion "1.4.3"]
[BlackElo "1580"]
[WhiteElo "1920"]

1. d4 {[%clk 1:30:47]} d5 {[%clk 1:29:53]} 2. c4 {[%clk 1:30:42]} c6
{[%clk 1:27:58]} 3. e3 {[%clk 1:28:59]} Nf6 {[%clk 1:28:05]} 4. Nc3
{[%clk 1:28:32]} Bf5 {[%clk 1:27:59]} 5. Nf3 {[%clk 1:24:09]} e6 {[%clk 1:27:59]}
6. c5 {[%clk 1:21:11]} Nbd7 {[%clk 1:26:20]} 7. Bd3 {[%clk 1:20:22]} Bxd3
{[%clk 1:23:23]} 8. Qxd3 {[%clk 1:20:48]} b6 {[%clk 1:23:23]} 9. b4
{[%clk 1:17:53]} g6 {[%clk 1:19:17]} 10. Bb2 {[%clk 1:14:58]} Bg7
{[%clk 1:19:21]} 11. O-O {[%clk 1:15:25]} O-O {[%clk 1:19:25]} 12. Rfe1
{[%clk 1:14:21]} Qc7 {[%clk 1:16:25]} 13. e4 {[%clk 1:08:52]} dxe4
{[%clk 1:15:36]} 14. Nxe4 {[%clk 1:09:08]} Nxe4 {[%clk 1:14:09]} 15. Qxe4
{[%clk 1:09:08]} Rab8 {[%clk 1:13:52]} 16. Qc2 {[%clk 1:07:38]} Rfe8
{[%clk 1:11:56]} 17. Bc3 {[%clk 1:03:28]} Nf6 {[%clk 1:06:21]} 18. a3
{[%clk 1:00:12]} Nd5 {[%clk 1:03:42]} 19. Bd2 {[%clk 0:59:45]} bxc5
{[%clk 1:00:41]} 20. bxc5 {[%clk 0:59:55]} e5 {[%clk 0:59:03]} 21. dxe5
{[%clk 0:59:15]} Bxe5 {[%clk 0:58:59]} 22. Nxe5 {[%clk 0:59:13]} Rxe5
{[%clk 0:58:49]} 23. Rxe5 {[%clk 0:57:08]} Qxe5 {[%clk 0:59:07]} 24. Re1
{[%clk 0:56:09]} Rb2 {[%clk 0:44:50]} 25. Qc1 {[%clk 0:48:40]} Qd4
{[%clk 0:33:23]} 26. Re8+ {[%clk 0:48:38]} Kg7 {[%clk 0:33:33]} 27. Bh6+
{[%clk 0:48:49]} Kf6 {[%clk 0:33:31]} 28. Qg5# {[%clk 0:49:04]} 1-0

[Event "WCO2014"]
[Site "Tromso"]
[Date "2014.08.05"]
[Round "4.44"]
[WhiteID "21300020"]
[White "Klaas Tokelo"]
[BlackID "16300416"]
[Black "Liu Yeh Yang"]
[Result "0-1"]
[LiveChessVersion "1.4.3"]
[BlackElo "1920"]
[WhiteElo "1653"]

1. d4 {[%clk 1:30:38]} c5 {[%clk 1:30:56]} 2. d5 {[%clk 1:29:18]} Nf6
{[%clk 1:31:21]} 3. Nc3 {[%clk 1:28:46]} e5 {[%clk 1:30:53]} 4. e4
{[%clk 1:28:26]} d6 {[%clk 1:31:19]} 5. Nge2 {[%clk 1:26:21]} g6 {[%clk 1:29:17]}
6. Ng3 {[%clk 1:24:47]} Bg7 {[%clk 1:29:44]} 7. Bb5+ {[%clk 1:24:15]} Nbd7
{[%clk 1:30:11]} 8. O-O {[%clk 1:24:02]} a6 {[%clk 1:30:36]} 9. Bxd7+
{[%clk 1:23:14]} Bxd7 {[%clk 1:30:43]} 10. a4 {[%clk 1:22:56]} b5
{[%clk 1:30:46]} 11. axb5 {[%clk 1:20:03]} axb5 {[%clk 1:31:11]} 12. Bg5
{[%clk 1:19:30]} h6 {[%clk 1:30:22]} 13. Bd2 {[%clk 1:18:09]} O-O
{[%clk 1:30:17]} 14. b3 {[%clk 1:16:29]} b4 {[%clk 1:26:18]} 15. Nce2
{[%clk 1:13:04]} Bb5 {[%clk 1:26:41]} 16. f3 {[%clk 1:12:36]} Qb6
{[%clk 1:26:47]} 17. Be3 {[%clk 1:11:33]} Ra6 {[%clk 1:24:52]} 18. Rxa6
{[%clk 1:09:58]} Qxa6 {[%clk 1:25:17]} 19. Re1 {[%clk 1:09:26]} Ra8
{[%clk 1:25:20]} 20. Qd2 {[%clk 1:06:03]} h5 {[%clk 1:24:51]} 21. Nc1
{[%clk 1:04:32]} Ne8 {[%clk 1:21:38]} 22. Nh1 {[%clk 1:00:09]} Nc7
{[%clk 1:21:29]} 23. Nf2 {[%clk 1:00:00]} Bd7 {[%clk 1:21:33]} 24. Ncd3
{[%clk 0:58:13]} Qa2 {[%clk 1:21:17]} 25. Nc1 {[%clk 0:56:18]} Qa3
{[%clk 1:21:21]} 26. Ncd3 {[%clk 0:55:54]} Nb5 {[%clk 1:21:32]} 27. Nd1
{[%clk 0:54:56]} Qa2 {[%clk 1:19:07]} 28. N3b2 {[%clk 0:44:59]} Na3
{[%clk 1:16:50]} 29. Qc1 {[%clk 0:41:30]} f5 {[%clk 1:16:09]} 30. h3
{[%clk 0:37:30]} f4 {[%clk 1:16:15]} 31. Bf2 {[%clk 0:36:49]} g5 {[%clk 1:16:41]}
32. Kh2 {[%clk 0:34:05]} Kf7 {[%clk 1:17:04]} 33. g4 {[%clk 0:32:41]} Rh8
{[%clk 1:11:29]} 34. Kg2 {[%clk 0:32:43]} Bb5 {[%clk 1:11:02]} 35. Qd2
{[%clk 0:27:55]} hxg4 {[%clk 1:08:01]} 36. hxg4 {[%clk 0:27:57]} Ba6
{[%clk 1:02:32]} 37. Qc1 {[%clk 0:25:41]} Bf6 {[%clk 1:02:38]} 38. Bg1
{[%clk 0:20:13]} Bd8 {[%clk 1:02:28]} 39. Nf2 {[%clk 0:19:12]} Ke8
{[%clk 1:01:08]} 40. Nh3 {[%clk 0:18:36]} Kd7 {[%clk 1:00:20]} 41. Qa1
{[%clk 0:16:46]} Qxa1 {[%clk 1:00:29]} 42. Rxa1 {[%clk 0:17:08]} Be2
{[%clk 1:00:54]} 43. Nf2 {[%clk 0:15:22]} Nxc2 {[%clk 1:01:16]} 44. Ra7+
{[%clk 0:14:49]} Bc7 {[%clk 1:01:08]} 45. Nfd3 {[%clk 0:14:37]} Kc8
{[%clk 0:59:13]} 46. Nc1 {[%clk 0:10:56]} Bb5 {[%clk 0:58:42]} 47. Nc4
{[%clk 0:08:02]} Bxc4 {[%clk 0:58:08]} 48. Ra8+ {[%clk 0:06:40]} Bb8
{[%clk 0:58:28]} 49. bxc4 {[%clk 0:06:43]} Na3 {[%clk 0:58:53]} 50. Nb3
{[%clk 0:28:34]} Kb7 {[%clk 1:29:47]} 51. Ra4 {[%clk 0:28:03]} Nxc4
{[%clk 1:30:11]} 52. Nxc5+ {[%clk 0:26:18]} dxc5 {[%clk 1:30:20]} 53. Bxc5
{[%clk 0:26:22]} Ne3+ {[%clk 1:28:08]} 54. Kg1 {[%clk 0:22:35]} Nc2
{[%clk 1:26:11]} 55. Bxb4 {[%clk 0:21:49]} Ba7+ {[%clk 1:26:37]} 56. Rxa7+
{[%clk 0:17:42]} Kxa7 {[%clk 1:27:00]} 57. Be7 {[%clk 0:18:03]} Nd4
{[%clk 1:26:38]} 58. Kg2 {[%clk 0:16:07]} Rc8 {[%clk 1:26:43]} 59. Bxg5
{[%clk 0:13:41]} Rc2+ {[%clk 1:27:01]} 60. Kf1 {[%clk 0:11:38]} Nxf3
{[%clk 1:27:26]} 61. Be7 {[%clk 0:09:53]} Nh2+ {[%clk 1:26:57]} 62. Kg1
{[%clk 0:08:06]} Nxg4 {[%clk 1:26:26]} 63. d6 {[%clk 0:07:31]} f3
{[%clk 1:26:42]} 64. Bg5 Rb2 0-1

[Event "WCO2014"]
[Site "Tromso"]
[Date "2014.08.05"]
[Round "4.43"]
[WhiteID "16300440"]
[White "Yang Ching Wei Austin"]
[BlackID "14317265"]
[Black "Mohatlane Liteboho"]
[Result "1-0"]
[LiveChessVersion "1.4.3"]
[BlackElo "1577"]
[WhiteElo "1883"]

1. e4 {[%clk 1:30:44]} e5 {[%clk 1:30:55]} 2. Nf3 {[%clk 1:31:08]} Nc6
{[%clk 1:31:21]} 3. Bb5 {[%clk 1:31:31]} a6 {[%clk 1:31:46]} 4. Ba4
{[%clk 1:31:55]} Nf6 {[%clk 1:32:11]} 5. O-O {[%clk 1:32:17]} b5 {[%clk 1:32:35]}
6. Bb3 {[%clk 1:32:41]} Be7 {[%clk 1:32:38]} 7. Qe2 {[%clk 1:32:29]} O-O
{[%clk 1:31:48]} 8. c3 {[%clk 1:32:44]} d6 {[%clk 1:28:13]} 9. Rd1
{[%clk 1:32:41]} Na5 {[%clk 1:25:12]} 10. Bc2 {[%clk 1:32:48]} c5
{[%clk 1:25:35]} 11. d4 {[%clk 1:32:27]} Qc7 {[%clk 1:25:43]} 12. d5
{[%clk 1:28:54]} Re8 {[%clk 1:21:09]} 13. Nbd2 {[%clk 1:28:35]} Bf8
{[%clk 1:21:32]} 14. Nf1 {[%clk 1:27:11]} g6 {[%clk 1:19:14]} 15. Ng3
{[%clk 1:19:19]} Bg7 {[%clk 1:14:34]} 16. h3 {[%clk 1:15:26]} Bd7
{[%clk 1:10:30]} 17. b3 {[%clk 1:06:19]} c4 {[%clk 0:55:20]} 18. b4
{[%clk 0:56:03]} Nb7 {[%clk 0:55:38]} 19. a4 {[%clk 0:53:47]} a5 {[%clk 0:55:16]}
20. axb5 {[%clk 0:44:05]} Bxb5 {[%clk 0:54:03]} 21. Be3 {[%clk 0:36:37]} Qd7
{[%clk 0:46:41]} 22. Nd2 {[%clk 0:32:02]} axb4 {[%clk 0:45:44]} 23. cxb4
{[%clk 0:32:29]} Rxa1 {[%clk 0:41:55]} 24. Rxa1 {[%clk 0:32:57]} c3
{[%clk 0:42:05]} 25. Nc4 {[%clk 0:33:12]} Rc8 {[%clk 0:41:09]} 26. Bd3
{[%clk 0:33:16]} Qd8 {[%clk 0:29:14]} 27. Nb6 {[%clk 0:31:17]} Bxd3
{[%clk 0:25:56]} 28. Qxd3 {[%clk 0:31:15]} Rb8 {[%clk 0:25:36]} 29. Qxc3
{[%clk 0:31:29]} Nxe4 {[%clk 0:22:02]} 30. Nxe4 {[%clk 0:30:40]} f5
{[%clk 0:21:36]} 31. Ng5 {[%clk 0:31:05]} e4 {[%clk 0:21:33]} 32. Qxg7+
{[%clk 0:30:51]} Kxg7 {[%clk 0:21:39]} 33. Ne6+ {[%clk 0:31:20]} Kf7
{[%clk 0:20:10]} 34. Nxd8+ {[%clk 0:31:43]} Nxd8 {[%clk 0:20:19]} 35. Ra7+
{[%clk 0:32:07]} Nb7 {[%clk 0:20:13]} 36. Nc4 {[%clk 0:32:30]} Kf6
{[%clk 0:19:56]} 37. Bd4+ {[%clk 0:32:52]} Kg5 38. b5 h5 {[%clk 0:18:46]} 39. b6
{[%clk 0:32:53]} h4 {[%clk 0:18:30]} 40. Rxb7 {[%clk 0:32:41]} Rxb7
{[%clk 0:18:32]} 41. Nxd6 {[%clk 0:33:10]} Rb8 {[%clk 0:12:38]} 42. b7
{[%clk 0:33:39]} f4 {[%clk 0:11:40]} 43. Ba7 {[%clk 0:33:55]} Rxb7
{[%clk 0:11:32]} 44. Nxb7 {[%clk 0:34:23]} Kf6 {[%clk 0:11:51]} 45. d6
{[%clk 0:34:47]} Ke6 {[%clk 0:12:12]} 46. Bb8 {[%clk 0:35:11]} e3
{[%clk 0:12:04]} 47. fxe3 {[%clk 0:35:33]} fxe3 {[%clk 0:12:25]} 48. Nc5+
{[%clk 0:35:58]} Kf7 {[%clk 0:12:06]} 49. d7 {[%clk 0:36:24]} Ke7
{[%clk 0:12:05]} 50. Bc7 {[%clk 0:36:51]} e2 {[%clk 0:11:34]} 51. d8=Q+
{[%clk 0:37:13]} Kf7 {[%clk 0:12:00]} 52. Qd7+ {[%clk 0:37:37]} Kg8
{[%clk 0:12:13]} 53. Qe6+ {[%clk 0:38:01]} Kh7 {[%clk 0:12:27]} 54. Qf7+
{[%clk 0:38:28]} Kh6 {[%clk 0:12:39]} 55. Bf4+ {[%clk 0:38:57]} 1-0